[Event "249th YMCA Autumn B"]
[Site "Warsaw"]
[Date "2021.11.23"]
[Round "10"]
[White "Dropia, Rafal"]
[Black "Sloniewska, Alicja"]
[Result "1-0"]
[WhiteElo "1621"]
[BlackElo "1658"]
[PlyCount "45"]
[EventDate "2021.09.23"]
[EventType "tourn"]
[EventRounds "1"]
[EventCountry "POL"]
[SourceDate "2021.09.23"]

1. d4 d5 2. Bf4 Nf6 3. e3 c5 4. Nf3 Nc6 5. c3 Qb6 6. Qb3 c4 7. Qxb6 axb6 8. Na3
Bf5 9. Nb5 Kd7 10. Ne5+ Nxe5 11. dxe5 Ne4 12. Nd4 Bg6 13. f3 Nc5 14. e4 dxe4
15. Bxc4 exf3 16. e6+ Nxe6 17. Nxe6 fxg2 18. O-O-O+ Kc6 19. Bd5+ Kb5 20. Nc7+
Ka5 21. b4+ Ka4 22. Bb3+ Ka3 23. Nb5# 1-0

[Event "249th YMCA Autumn B"]
[Site "Warsaw"]
[Date "2021.12.01"]
[Round "11"]
[White "Sloniewska, Alicja"]
[Black "Kurowski, Maciej"]
[Result "0-1"]
[WhiteElo "1658"]
[BlackElo "1590"]
[PlyCount "92"]
[EventDate "2021.09.23"]
[EventType "tourn"]
[EventRounds "1"]
[EventCountry "POL"]
[SourceDate "2021.09.23"]

1. d4 d5 2. c4 e6 3. cxd5 exd5 4. Nc3 c6 5. Bf4 Bf5 6. e3 Qb6 7. Qc1 Nf6 8. Nf3
Nbd7 9. Be2 Be7 10. O-O O-O 11. b3 h6 12. Qb2 Rfc8 13. a3 a5 14. Na4 Qd8 15. b4
axb4 16. axb4 b5 17. Nc3 Qf8 18. Na2 Ra4 19. Bd1 Ra6 20. Be2 Rca8 21. Ne5 Nxe5
22. Bxe5 Nd7 23. h3 Nxe5 24. dxe5 Bxb4 25. Nxb4 Rxa1 26. Rxa1 Rxa1+ 27. Qxa1
Qxb4 28. Qa8+ Kh7 29. Kh2 Qb2 30. Bf3 Qxe5+ 31. Kg1 Qd6 32. Qb7 Be6 33. Be2 Qc5
34. Bd3+ g6 35. h4 h5 36. Kh2 Qc3 37. Bf1 b4 38. Qa6 c5 39. Bd3 Kg7 40. g3 c4
41. Bxg6 Kxg6 42. Qa8 b3 43. Qg8+ Qg7 44. Qd8 Qf6 45. Qg8+ Kh6 46. Qf8+ Kh7 0-1

[Event "249th YMCA Autumn B"]
[Site "Warsaw"]
[Date "2021.12.02"]
[Round "11"]
[White "Sypula, Krzysztof"]
[Black "Dropia, Rafal"]
[Result "1-0"]
[WhiteElo "1656"]
[BlackElo "1621"]
[PlyCount "71"]
[EventDate "2021.09.23"]
[EventType "tourn"]
[EventRounds "1"]
[EventCountry "POL"]
[SourceDate "2021.09.23"]

1. Nf3 c5 2. g3 d5 3. Bg2 Nc6 4. d4 cxd4 5. Nxd4 e5 6. Nxc6 bxc6 7. c4 Be6 8.
Qa4 Qd7 9. Nc3 Ne7 10. cxd5 Nxd5 11. O-O Nxc3 12. bxc3 Rc8 13. Rd1 Qc7 14. Be3
Bd6 15. Qxa7 Ke7 16. Qa4 f6 17. Rd2 g5 18. Rad1 Rhd8 19. c4 Kf7 20. Rb2 Be7 21.
Rdb1 Rd7 22. Rb6 c5 23. Qc2 Rh8 24. Rb7 Qd6 25. Rxd7 Qxd7 26. Rb7 Qc8 27. a4
Bf5 28. Bd5+ Kg6 29. Qb3 Bd6 30. Qb6 Rd8 31. a5 Rd7 32. a6 Rxb7 33. axb7 Qb8
34. Bxc5 Bxc5 35. Qxc5 Qe8 36. Qa7 1-0

[Event "249th YMCA Autumn B"]
[Site "Warsaw"]
[Date "2021.12.02"]
[Round "11"]
[White "Mazurek, Jerzy"]
[Black "Szumigaj, Marcin"]
[Result "1-0"]
[WhiteElo "1691"]
[BlackElo "1473"]
[PlyCount "65"]
[EventDate "2021.09.23"]
[EventType "tourn"]
[EventRounds "1"]
[EventCountry "POL"]
[SourceDate "2021.09.23"]

1. e4 e5 2. Nf3 Nf6 3. Nc3 Nc6 4. d4 exd4 5. Nxd4 Bb4 6. Nxc6 bxc6 7. Bd3 O-O
8. O-O Be7 9. e5 Nd5 10. Ne2 Nb4 11. Be4 d5 12. exd6 cxd6 13. c3 d5 14. Bb1 Na6
15. Nd4 c5 16. Nc6 Qc7 17. Nxe7+ Qxe7 18. Qxd5 Bb7 19. Qh5 f5 20. Bd3 Nc7 21.
Bg5 Qd6 22. Bc4+ Kh8 23. Rfe1 Qc6 24. f3 Nd5 25. Rad1 Nf6 26. Qh4 Qc7 27. Re6
Rad8 28. Rde1 Rde8 29. Bxf6 Rxe6 30. Rxe6 gxf6 31. Rxf6 Rd8 32. Rf7 Rd1+ 33.
Kf2 1-0

[Event "249th YMCA Autumn B"]
[Site "Warsaw"]
[Date "2021.12.02"]
[Round "11"]
[White "Jaroszuk, Marcin"]
[Black "Goral, Jan"]
[Result "0-1"]
[WhiteElo "1572"]
[BlackElo "1672"]
[PlyCount "70"]
[EventDate "2021.09.23"]
[EventType "tourn"]
[EventRounds "1"]
[EventCountry "POL"]
[SourceDate "2021.09.23"]

1. Nf3 g6 2. g3 Bg7 3. d4 c5 4. Bg2 Nf6 5. O-O O-O 6. c4 cxd4 7. Nxd4 Nc6 8.
Nc3 Qb6 9. Nxc6 bxc6 10. Qc2 Rb8 11. Bf4 d6 12. Na4 Qa6 13. Rad1 Bd7 14. b3 Qc8
15. Nc3 Bh3 16. Rfe1 Bxg2 17. Kxg2 h6 18. e4 Nd7 19. Be3 Qc7 20. Rd2 Qa5 21.
Bd4 Rbd8 22. Bxg7 Kxg7 23. Ne2 Qc7 24. Red1 a5 25. Qc3+ Kh7 26. Qd4 Ne5 27. c5
d5 28. exd5 Rxd5 29. Qc3 Rxd2 30. Rxd2 Nd7 31. Qe3 Nf6 32. Qf4 Qa7 33. Qe5 Nd5
34. Nf4 f6 35. Qd4 e5 0-1

[Event "249th YMCA Autumn B"]
[Site "Warsaw"]
[Date "2021.12.02"]
[Round "11"]
[White "Wiktorowski, Janusz"]
[Black "Safanowski, Tomasz"]
[Result "1-0"]
[WhiteElo "1449"]
[BlackElo "1688"]
[PlyCount "59"]
[EventDate "2021.09.23"]
[EventType "tourn"]
[EventRounds "1"]
[EventCountry "POL"]
[SourceDate "2021.09.23"]

1. e4 e6 2. d4 d5 3. e5 c5 4. Nf3 cxd4 5. Nxd4 Nc6 6. Nf3 Qb6 7. Bd3 Bc5 8. O-O
Bd7 9. c3 a5 10. a4 Nge7 11. Na3 f5 12. Nb5 O-O 13. Qe2 Rad8 14. Ng5 h6 15. Nh3
Ng6 16. Bf4 Be8 17. Rad1 Na7 18. c4 Nxb5 19. axb5 d4 20. g4 Nxf4 21. Nxf4 fxg4
22. Qxg4 Bf7 23. Kh1 Rfe8 24. Rg1 Bf8 25. Nh5 g5 26. Nf6+ Kg7 27. Qe4 Bc5 28.
Qh7+ Kf8 29. Qxh6+ Ke7 30. Qxg5 1-0

[Event "249th YMCA Autumn B pff"]
[Site "Warsaw"]
[Date "2021.12.08"]
[Round "12"]
[White "Mazurek, Jerzy"]
[Black "Sypula, Krzysztof"]
[Result "1/2-1/2"]
[WhiteElo "1691"]
[BlackElo "1656"]
[PlyCount "66"]
[EventDate "2021.12.02"]
[EventType "tourn"]
[EventRounds "1"]
[EventCountry "POL"]
[SourceDate "2021.12.02"]

1. e4 d6 2. d4 g6 3. Nc3 Bg7 4. Be3 a6 5. a4 Nf6 6. h3 Nc6 7. g4 e5 8. d5 Ne7
9. Bg2 c6 10. dxc6 bxc6 11. Qd2 O-O 12. Rd1 Rb8 13. b3 Qa5 14. Nge2 Rd8 15. O-O
Qc7 16. a5 Qxa5 17. Nd5 Qxd2 18. Nxe7+ Kf8 19. Nxg6+ hxg6 20. Rxd2 Bb7 21. g5
Ne8 22. Bb6 Rd7 23. Bf3 Bc8 24. Ba5 Kg8 25. Bg4 Rdb7 26. Bxc8 Rxc8 27. Bc3 Bf8
28. Kg2 Ng7 29. h4 Ne6 30. f4 exf4 31. Nxf4 Nc5 32. Kf3 Re8 33. Re2 Rbe7 $11
1/2-1/2

[Event "249th YMCA Autumn B pff"]
[Site "Warsaw"]
[Date "2021.12.07"]
[Round "12"]
[White "Sloniewska, Alicja"]
[Black "Dropia, Rafal"]
[Result "0-1"]
[WhiteElo "1658"]
[BlackElo "1621"]
[PlyCount "64"]
[EventDate "2021.12.02"]
[EventType "tourn"]
[EventRounds "1"]
[EventCountry "POL"]
[SourceDate "2021.12.02"]

1. d4 d6 2. c4 e5 3. d5 f5 4. Nc3 Nf6 5. Bg5 Be7 6. Bxf6 Bxf6 7. e4 O-O 8. Nf3
Na6 9. Be2 Nc5 10. Nd2 Bg5 11. exf5 Bxf5 12. O-O a5 13. b3 Qf6 14. Bf3 Qg6 15.
Re1 Bc2 16. Be4 Bxd1 17. Bxg6 Bxd2 18. Rexd1 Bxc3 19. Rac1 Bd4 20. Bb1 Bxf2+
21. Kh1 Rf6 22. Bd3 Nxd3 23. Rxd3 e4 24. Rdd1 Bc5 25. Rc2 Raf8 26. g3 Rf2 27.
Rdd2 e3 28. Re2 g5 29. Kg1 g4 30. a3 Rf1+ 31. Kg2 Rb1 32. Rb2 Rff1 0-1

[Event "249th YMCA Autumn B pff"]
[Site "Warsaw"]
[Date "2021.12.09"]
[Round "12"]
[White "Wiktorowski, Janusz"]
[Black "Goral, Jan"]
[Result "0-1"]
[WhiteElo "1449"]
[BlackElo "1672"]
[PlyCount "70"]
[EventDate "2021.12.02"]
[EventType "tourn"]
[EventRounds "1"]
[EventCountry "POL"]
[SourceDate "2021.12.02"]

1. e4 c5 2. Nf3 Nc6 3. d4 cxd4 4. Nxd4 g6 5. Be3 Nf6 6. Nc3 Bg7 7. Bc4 O-O 8.
Bb3 d6 9. h3 Bd7 10. Qd2 Nxd4 11. Bxd4 b5 12. a3 a5 13. f3 b4 14. axb4 axb4 15.
Na2 Qa5 16. O-O Rab8 17. Nc1 Qh5 18. Kh2 Bh6 19. Be3 Qe5+ 20. Kh1 Bxe3 21. Qxe3
Qxb2 22. Nd3 Qc3 23. Ra7 e6 24. Rfa1 Bb5 25. Qh6 Bxd3 26. Qe3 Bb5 27. Qh6 d5
28. exd5 Nxd5 29. Rd1 Bc4 30. Ba4 Ra8 31. Rxa8 Rxa8 32. Bc6 Ra1 33. Rxa1 Qxa1+
34. Kh2 Qe5+ 35. Kg1 Qe3+ 0-1

[Event "249th YMCA Autumn B pff"]
[Site "Warsaw"]
[Date "2021.12.10"]
[Round "12"]
[White "Kurowski, Maciej"]
[Black "Szumigaj, Marcin"]
[Result "1-0"]
[WhiteElo "1590"]
[BlackElo "1473"]
[PlyCount "65"]
[EventDate "2021.12.02"]
[EventType "tourn"]
[EventRounds "1"]
[EventCountry "POL"]
[SourceDate "2021.12.02"]

1. e4 c5 2. Nf3 Nc6 3. d4 cxd4 4. Nxd4 g6 5. Nc3 Bg7 6. Be3 d6 7. Bc4 Nf6 8. h3
Qa5 9. O-O O-O 10. Bb3 Bd7 11. f4 Nxd4 12. Bxd4 Bc6 13. e5 dxe5 14. fxe5 Nh5
15. e6 f6 16. Ne2 Qg5 17. Rf2 Rad8 18. c3 Ng3 19. Nxg3 Qxg3 20. Qg4 Qxg4 21.
hxg4 b6 22. a4 Bh6 23. a5 Bd5 24. Bxd5 Rxd5 25. axb6 axb6 26. Ra7 Re8 27. Re2
b5 28. Rd7 Rd8 29. Rxe7 Bg5 30. Rf7 Re8 31. Rd7 Rxd7 32. exd7 Rf8 33. Bc5 1-0

[Event "249th YMCA Autumn B pff"]
[Site "Warsaw"]
[Date "2021.12.09"]
[Round "12"]
[White "Jaroszuk, Marcin"]
[Black "Dabrowski, Leszek"]
[Result "1-0"]
[WhiteElo "1572"]
[BlackElo "1436"]
[PlyCount "51"]
[EventDate "2021.12.02"]
[EventType "tourn"]
[EventRounds "1"]
[EventCountry "POL"]
[SourceDate "2021.12.02"]

1. f4 Nf6 2. Nf3 c5 3. e3 Nc6 4. Be2 g6 5. O-O Bg7 6. d3 O-O 7. e4 d6 8. c3 c4
9. Na3 cxd3 10. Bxd3 a6 11. Qe1 b5 12. Qh4 Bg4 13. Be3 b4 14. Nc2 bxc3 15. bxc3
Qa5 16. Ncd4 Qxc3 17. Nxc6 Qxd3 18. Nxe7+ Kh8 19. Bd4 Bxf3 20. Bxf6 Bxe4 21. f5
Rae8 22. Rae1 Rxe7 23. Bxg7+ Kxg7 24. f6+ Kh8 25. fxe7 Qd4+ 26. Qf2 1-0

[Event "249th YMCA Autumn B pff"]
[Site "Warsaw"]
[Date "2021.12.16"]
[Round "13"]
[White "Mazurek, Jerzy"]
[Black "Dropia, Rafal"]
[Result "0-1"]
[WhiteElo "1691"]
[BlackElo "1621"]
[PlyCount "106"]
[EventDate "2021.12.02"]
[EventType "tourn"]
[EventRounds "1"]
[EventCountry "POL"]
[SourceDate "2021.12.02"]

1. e4 d6 2. d4 e5 3. dxe5 dxe5 4. Qxd8+ Kxd8 5. Nf3 f6 6. Be3 Be6 7. Nbd2 Nd7
8. Nb3 Bd6 9. O-O-O Ne7 10. Nfd2 Nc6 11. Bc4 Ke7 12. c3 a6 13. Bxe6 Kxe6 14.
Nc4 Be7 15. Rd2 Rad8 16. Rhd1 b6 17. f3 g6 18. g3 Ndb8 19. Rxd8 Rxd8 20. Rxd8
Bxd8 21. Kc2 Nd7 22. Bf2 Ne7 23. Ne3 c6 24. Nc1 b5 25. Nd3 Bb6 26. c4 Bd4 27.
cxb5 axb5 28. b3 Nb6 29. Nd1 Kd6 30. Be3 c5 31. Bd2 Nc6 32. a3 Bg1 33. Be3 Bxe3
34. Nxe3 Nd4+ 35. Kc3 Nxf3 36. h4 Nd4 37. g4 Ne2+ 38. Kd2 Ng3 39. Nf2 c4 40. a4
bxa4 41. bxa4 Nxa4 42. Nxc4+ Kc5 43. Ne3 Kd6 44. Kd3 Nc5+ 45. Kc4 Ngxe4 46. Nh3
Nd2+ 47. Kc3 Nf3 48. Ng2 Kd5 49. Nf2 Ne4+ 50. Nxe4 Kxe4 51. Kc2 h5 52. gxh5
gxh5 53. Kd1 Kd3 0-1

[Event "249th YMCA Autumn B pff"]
[Site "Warsaw"]
[Date "2021.12.16"]
[Round "13"]
[White "Sypula, Krzysztof"]
[Black "Sloniewska, Alicja"]
[Result "0-1"]
[WhiteElo "1656"]
[BlackElo "1658"]
[PlyCount "108"]
[EventDate "2021.12.02"]
[EventType "tourn"]
[EventRounds "1"]
[EventCountry "POL"]
[SourceDate "2021.12.02"]

1. Nf3 d5 2. c4 c6 3. e3 Nf6 4. Nc3 dxc4 5. Bxc4 b5 6. Be2 Bf5 7. d4 e6 8. O-O
Be7 9. Ne5 O-O 10. Bf3 Qb6 11. e4 Bg6 12. Be3 b4 13. Nxg6 hxg6 14. Na4 Qa5 15.
Qb3 Nbd7 16. Rac1 Rac8 17. Rc2 e5 18. Rfc1 exd4 19. Bxd4 c5 20. e5 c4 21. Rxc4
Rxc4 22. Rxc4 Nxe5 23. Bxe5 Qxe5 24. Rc1 Rd8 25. Qc2 Qf4 26. Rd1 Bd6 27. h3 Re8
28. Kf1 Qh2 29. g3 Bxg3 30. Bg2 Bd6 31. Qd2 Bc7 32. Qxb4 Nh5 33. Qg4 Qe5 34.
Nc3 Nf4 35. Bc6 Rb8 36. Nd5 Nxd5 37. Bxd5 Rxb2 38. Qf3 Bb6 39. Qxf7+ Kh7 40.
Qg8+ Kh6 41. Qh8+ Kg5 42. h4+ Kg4 43. Qc8+ Kxh4 44. Qc4+ Kg5 45. f4+ Qxf4+ 46.
Qxf4+ Kxf4 47. Bf7 g5 48. Rd7 g4 49. Bb3 g5 50. Rf7+ Kg3 51. Re7 Ba5 52. Rxa7
Rf2+ 53. Kg1 Bb6 54. Rb7 Rf6+ 0-1

[Event "249th YMCA Autumn B pff"]
[Site "Warsaw"]
[Date "2021.12.16"]
[Round "13"]
[White "Kurowski, Maciej"]
[Black "Goral, Jan"]
[Result "0-1"]
[WhiteElo "1590"]
[BlackElo "1672"]
[PlyCount "54"]
[EventDate "2021.12.02"]
[EventType "tourn"]
[EventRounds "1"]
[EventCountry "POL"]
[SourceDate "2021.12.02"]

1. e4 c5 2. Nf3 d6 3. Bb5+ Bd7 4. Bxd7+ Qxd7 5. O-O Nf6 6. Re1 g6 7. c3 Nc6 8.
d4 cxd4 9. cxd4 d5 10. e5 Ne4 11. Nbd2 Nxd2 12. Bxd2 Bg7 13. b4 a6 14. a4 O-O
15. b5 Na7 16. b6 Nc6 17. Qb3 Rfe8 18. Bb4 Rac8 19. Bc5 Na5 20. Qb4 Nc4 21. Nd2
Nxd2 22. Qxd2 Rc6 23. Rec1 f6 24. f4 Bh6 25. Re1 fxe5 26. Rxe5 Bg7 27. Re2 Rxc5
0-1

[Event "249th YMCA Autumn B pff"]
[Site "Warsaw"]
[Date "2021.12.16"]
[Round "13"]
[White "Wiktorowski, Janusz"]
[Black "Szumigaj, Marcin"]
[Result "0-1"]
[WhiteElo "1449"]
[BlackElo "1473"]
[PlyCount "84"]
[EventDate "2021.12.02"]
[EventType "tourn"]
[EventRounds "1"]
[EventCountry "POL"]
[SourceDate "2021.12.02"]

1. e4 c6 2. d4 d5 3. exd5 cxd5 4. Nf3 Nf6 5. Bd3 Bg4 6. h3 Bxf3 7. Qxf3 Nc6 8.
c3 e6 9. Bg5 Be7 10. O-O O-O 11. Re1 Rc8 12. Bf4 g6 13. Nd2 Nh5 14. Bh6 Re8 15.
Nb3 Bg5 16. Bxg5 Qxg5 17. Nc5 Qe7 18. Re2 b6 19. Nb3 Qd6 20. Bb5 Qf4 21. Qd3
Nf6 22. Nd2 Red8 23. Bxc6 Rxc6 24. Rae1 Rb8 25. g3 Qc7 26. Nf3 Nd7 27. h4 b5
28. Ne5 Nxe5 29. Rxe5 b4 30. Rc1 bxc3 31. b3 c2 32. h5 Rc8 33. h6 f6 34. Re2
Kf7 35. Qe3 Qb6 36. g4 Rc3 37. Qd2 g5 38. Kg2 Kg6 39. Qe1 Qxd4 40. Rxe6 Qxg4+
41. Kf1 Rh3 42. f3 Qxf3+ 0-1

[Event "249th YMCA Autumn B pff"]
[Site "Warsaw"]
[Date "2021.12.16"]
[Round "13"]
[White "Jaroszuk, Marcin"]
[Black "Safanowski, Tomasz"]
[Result "0-1"]
[WhiteElo "1572"]
[BlackElo "1688"]
[PlyCount "107"]
[EventDate "2021.12.02"]
[EventType "tourn"]
[EventRounds "1"]
[EventCountry "POL"]
[SourceDate "2021.12.02"]

1. Nf3 d5 2. g3 Bf5 3. Bg2 e6 4. O-O Nf6 5. d4 c5 6. c4 Nc6 7. Nc3 dxc4 8. Qa4
Qa5 9. Qxa5 Nxa5 10. dxc5 Bxc5 11. Ne5 Bd4 12. Bf4 Bxc3 13. bxc3 Be4 14. f3 Bc2
15. Rfc1 Ba4 16. e4 Nd7 17. Bf1 Nxe5 18. Bxe5 f6 19. Bd4 b6 20. Rab1 e5 21. Be3
Rc8 22. Bh3 Bd7 23. Bxd7+ Kxd7 24. Rd1+ Kc7 25. f4 h6 26. fxe5 fxe5 27. Rb5 Nc6
28. Bc1 Rhf8 29. Rbd5 Rcd8 30. Ba3 Rxd5 31. exd5 Rd8 32. Kf2 Nb8 33. Ke3 Nd7
34. Be7 Re8 35. d6+ Kc6 36. Ke4 b5 37. Kf5 a5 38. Ke6 b4 39. cxb4 axb4 40. Rc1
c3 41. a3 Nc5+ 42. Kf7 b3 43. Kxe8 c2 44. a4 e4 45. Bf8 e3 46. Bxg7 Kxd6 47.
Bc3 Nd3 48. Rf1 c1=Q 49. Rxc1 Nxc1 50. Kf7 e2 51. g4 Na2 52. Be1 b2 53. Bg3+
Kc6 54. h4 0-1